000 00784nam a2200253Ia 4500
003 OSt
005 20220925212347.0
006 a|||||r|||| 00| 0
007 ta
008 220923b |||||||| |||| 00| 0 eng d
037 _cGeneral Book
040 _aRTL
_cRTL
_beng
041 _2eng
_aeng
082 _aX9(J).2.N43, H4
100 _aBurns W
_9129918
245 0 _aTechnological Possibilites of Agricultural Development in India
260 _aLondon
_bAddison-Wesley
_c1964
300 _axi,484p.
_ccm.
490 _aAddison-Wesley series in Management Science and Economics
500 _aBibliography at the end of each chapter
650 _aLinear Programming
942 _hX9(J).2.N43, H4
_cGB
_2CC
999 _c560209
_d560209